000 00467nam a22001697a 4500
003 NUST - PNEC
005 20170116181032.0
008 150919b xxu||||| |||| 00| 0 eng d
020 _a047161274X
040 _cLIBRARY
082 _a621.38043 SHA
100 _98780
_aShanmugan, K. Sam,
245 _aRandom signals :
_bdetection, estimation, and data analysis
_cK. Sam, Shanmugan
260 _cc 1988
650 _911162
_aSignal detection
_xEL
942 _2ddc
_cBK
999 _c67784
_d67784